Terrain modelling in surveying and civil engineering / (Record no. 180451)
[ view plain ]
| 000 -LEADER | |
|---|---|
| fixed length control field | 01019 a2200229 4500 |
| 003 - CONTROL NUMBER IDENTIFIER | |
| control field | Nust |
| 005 - DATE AND TIME OF LATEST TRANSACTION | |
| control field | 20220819101048.0 |
| 010 ## - LIBRARY OF CONGRESS CONTROL NUMBER | |
| LC control number | 90166830 |
| 020 ## - INTERNATIONAL STANDARD BOOK NUMBER | |
| International Standard Book Number | 1870325303 |
| 040 ## - CATALOGING SOURCE | |
| Transcribing agency | Nust |
| 082 00 - DEWEY DECIMAL CLASSIFICATION NUMBER | |
| Classification number | 005.3,TER |
| 245 00 - TITLE STATEMENT | |
| Title | Terrain modelling in surveying and civil engineering / |
| Statement of responsibility, etc. | edited by G. Petrie and T.J.M. Kennie. |
| 260 ## - PUBLICATION, DISTRIBUTION, ETC. | |
| Place of publication, distribution, etc. | Latheronwheel, Caithness : |
| Name of publisher, distributor, etc. | Whittles Pub. in association with T. Telford, |
| Date of publication, distribution, etc. | c1990. |
| 300 ## - PHYSICAL DESCRIPTION | |
| Extent | xiv, 351 p. : |
| Other physical details | ill. ; |
| Dimensions | 24 cm. |
| 505 ## - FORMATTED CONTENTS NOTE | |
| Formatted contents note | Introduction to Terrain Modeling (Page-1), Data Acquisition (Page-3), Theoretical Basis of DTM Formation and Display (Page-111), Systems and Software (Page-150), DTM Applications ton Engineering (Page-215), Visualization (Page-250), Accuracy Testing, Procurement and benchmarking of DTM Systems (Page-315). |
| 650 #0 - SUBJECT ADDED ENTRY--TOPICAL TERM | |
| Topical term or geographic name entry element | Civil engineering |
| General subdivision | Maps. |
| 9 (RLIN) | 98197 |
| 650 #0 - SUBJECT ADDED ENTRY--TOPICAL TERM | |
| Topical term or geographic name entry element | Digital mapping. |
| 9 (RLIN) | 46102 |
| 650 #0 - SUBJECT ADDED ENTRY--TOPICAL TERM | |
| Topical term or geographic name entry element | Surveying |
| General subdivision | Maps. |
| 9 (RLIN) | 98198 |
| 700 1# - ADDED ENTRY--PERSONAL NAME | |
| Personal name | Kennie, T.J.M. |
| 9 (RLIN) | 39595 |
| 700 1# - ADDED ENTRY--PERSONAL NAME | |
| Personal name | Petrie, G. |
| 9 (RLIN) | 98199 |
| 942 ## - ADDED ENTRY ELEMENTS (KOHA) | |
| Source of classification or shelving scheme | |
| Koha item type | Book |
| Call number prefix | 005.3,TER |
| Withdrawn status | Lost status | Source of classification or shelving scheme | Damaged status | Not for loan | Permanent Location | Current Location | Shelving location | Date acquired | Full call number | Barcode | Date last seen | Price effective from | Koha item type | Public note |
|---|---|---|---|---|---|---|---|---|---|---|---|---|---|---|
| Military College of Signals (MCS) | Military College of Signals (MCS) | General Stacks | 12/12/2016 | 005.3,TER | MCS27233 | 12/08/2016 | 12/12/2016 | Book | Almirah No.5, Shelf No.6 |
